Canto a Don Diego Portales en la inauguración de su estatua erijida a su memoria
محفوظ في:
| المؤلف الرئيسي: | |
|---|---|
| التنسيق: | كتاب |
| اللغة: | الإسبانية |
| منشور في: |
Santiago
Imprenta de La Opinión, calle de la Compañía
1860
|
| الطبعة: | 1a. ed |
| الموضوعات: | |
| الوسوم: |
إضافة وسم
لا توجد وسوم, كن أول من يضع وسما على هذه التسجيلة!
|
MARC
| LEADER | 00000nam a2200000 a 4500 | ||
|---|---|---|---|
| 001 | UCJ4749 | ||
| 003 | CL-VaPUC | ||
| 008 | 070124e18600000CL |||||||||||||||||spa|d | ||
| 082 | 0 | 4 | |a Ch861 |b PAL |2 21 |
| 100 | |a Palacios, Fidel |e autor |9 611445 | ||
| 245 | 1 | 0 | |a Canto a Don Diego Portales en la inauguración de su estatua erijida a su memoria |
| 250 | |a 1a. ed | ||
| 300 | |a 15 p | ||
| 942 | |c BK | ||
| 945 | |d 20070124 00:00:00 |a rinostro | ||
| 260 | |a Santiago |b Imprenta de La Opinión, calle de la Compañía |c 1860 | ||
| 500 | |a Empastado junto a otras monografías en un volumen rotulado Prat, O'Higggins, Portales; ubicación, 983 GRE | ||
| 600 | 0 | |a Portales y Palazuelos, Diego, |d 1793-1837 |9 255516 | |
| 650 | 0 | |a Poesía chilena |9 268403 | |
| 650 | 7 | |a HOMENAJE |2 CL-VaPUC |9 333787 | |
| 650 | 7 | |a MONUMENTO |2 CL-VaPUC |9 372735 | |
| 651 | 0 | |a Santiago |9 265444 | |
| 583 | |a last modification |c 20070124 00:00:00 |k Rodrigo Vera | ||
| 999 | |c 320864 |d 320862 | ||
| 952 | |0 0 |1 0 |4 0 |6 CH_861_000000000000000_PAL_1860 |7 0 |8 X |9 399477 |a FDOBUD |b FDOBUD |d 2019-11-22 |i 1025538 |o Ch861 PAL 1860 |p 1025538 |r 2019-11-22 |w 2019-11-22 |y BK_X |k BUD | ||